| 000 | 00403nam a22001577a 4500 | ||
|---|---|---|---|
| 003 | GBCCL | ||
| 005 | 20251201143059.0 | ||
| 008 | 240611b ||||| |||| 00| 0 eng d | ||
| 020 | _a8122115160 | ||
| 040 | _cGBC | ||
| 082 |
_a220.595 _bMAN 1 |
||
| 245 | _aThe Holy Bible (Manipuri) | ||
| 260 |
_aBangalore: _bThe Bible Society of India, _c2001 |
||
| 650 |
_aBible _vManipuri _917901 |
||
| 942 |
_2ddc _cREF |
||
| 999 |
_c10309 _d10309 |
||